000 00720nam a2200289Ia 4500
005 20260324134415.0
008 008 260324s9999 xx 000 0 eng d
020 _a9781003421399
037 _aEBOOK
040 _aCRL
040 _beng
040 _cCRL
041 _2eng
041 _aeng
084 _qCRL
100 _aDavid Reed
_91161946
245 0 _aEconomic Change Governance and Natural Resource Wealth
245 4 _bThe Political Economy of Change in Southern Africa
260 _bTaylor and Francis
260 _c2002
365 _a
365 _b145
856 _uhttp://www.taylorfrancis.com/books/9781003421399
942 _cEBOOK
999 _c1796766
_d1796766